1989-Album (Taylor's Version, Taylor Swift) - Statistics

General Stats
  • This quiz has been taken 883 times
  • The average score is 19 of 22
Answer Stats
Hint Answer % Correct
8. Bad Blood
97%
22. (Feat. Kendrick Lamar) Bad Blood
97%
1. Welcome To New York
97%
2. Blank Space
96%
6. Shake It Off
92%
3. Style
92%
4. Out Of The Woods
90%
17. (From The Vault) "Slut!"
89%
13. Clean
87%
21. (From The Vault) Is It Over Now?
87%
9. Wildest Dreams
86%
19. (From The Vault) Now That We Don't Talk
84%
20. (From The Vault) Suburban Legends
84%
14. Wonderland
84%
16. New Romantics
80%
11. This Love
80%
10. How You Get The Girl
79%
5. All You Had To Do Was Stay
78%
15. You Are In Love
78%
18. (From The Vault) Say Don't Go
75%
12. I Know Places
74%
7. I Wish You Would
67%
No matching quizzes found
Score Distribution
Percent of People with Each Score
Percentile by Number Answered
Your Score History
You have not taken this quiz